| 000 | 00882nam a22002297a 4500 | ||
|---|---|---|---|
| 999 |
_c20357 _d20357 |
||
| 003 | AR-CdUCM | ||
| 008 | 190410b ||||| |||| 00| 0 spa d | ||
| 040 |
_aMUNICIPALIDAD PROVINCIAL DEL CUSCO _cBIBLIOTECA MUNICIPAL DEL CUSCO |
||
| 082 |
_a985.008 / _bP26 |
||
| 100 |
_aPareja Paz, José _942576 |
||
| 245 |
_aBiblioteca de cultura : _bPeruana contemporánea / |
||
| 260 |
_aLima : _bHernán Alva Orlandini, |
||
| 300 |
_a212 paginas ; _c 24 cm. |
||
| 505 | _aContenido : José de la Riva Agüero: La historia del espíritu nacional -- Victor Andres Belaunde: Los conceptos de nación de patria y la peruanidad -- La antiguas culturas Peruanas y el imperio de los Inkas... | ||
| 650 |
_aHistoriadores _919833 |
||
| 650 |
_aPerú _935 |
||
| 650 |
_aBibliografía _91484 |
||
| 650 |
_aEmancipación _9260 |
||
| 650 |
_aVirreynato _9428 |
||
| 942 |
_2ddc _cLIBROS |
||
| 945 | _arcc | ||